02950cam a2200337 i 450000100090000000300040000900500170001300800410003001000170007102000310008804000230011904200080014204300120015005000230016208200150018510000380020024500950023826400530033330000430038633600260042933700280045533800270048350400670051052017370057765000310231465000310234590600450237694200360242195201380245799900170259522664254OSt20231205142011.0220624s2022 nyua b 001 0 eng  a 2022941525 a9780197621363q(hardcover) aDLCbengerdacDLC apcc an-us---00aHF1455b.Z453 2022 a382bZEI/T1 aZeiler, Thomas W.eauthor.91003910aCapitalist peace :ba history of American free-trade internationalism /cThomas W. Zeiler. 1aNew York, NY :bOxford University Press,c[2022] ax, 370 pages :billustrations ;c25 cm atextbtxt2rdacontent aunmediatedbn2rdamedia avolumebnc2rdacarrier aIncludes bibliographical references (pages 287-358) and index. a"The United States pursued free trade from the Great Depression onward as part of its grand strategy of coordinating resources and policies to achieve long-term diplomatic objectives. Ever since Franklin D. Roosevelt's administration, which launched a trade policy steeped in an liberal internationalist worldview, the United States linked trade to global prosperity, to winning wars and peace, and to shaping the world order. Free trade was a cornerstone of an ideology of "capitalist peace." That concept placed trade liberalization in service to political internationalism. By pursuing freer commercial exchanges, capitalist peace ideology knitted trade to national security imperatives and political causes. To be sure, capitalists sought a particular type of global trade, just like communists did and fascists before them. But capitalists harnessed the market, rather than using the state, through free trade. Leaders believed that free trade advanced private enterprise and thus the cause of capitalist peace, which, in turn, promoted prosperity, democracy, security, and attendant by-products like development, cooperation, integration, and human rights. In so doing, the capitalist peace paradigm - with a core of liberal internationalist principles that were ever changing to meet new circumstances and pressures - projected US power, interests, and values into the international arena even as capitalism brought both positive and negative results to the global order. This book shows that free trade internationalism has always been contested - by protectionists in particular but by nations of the global South as well, yet even the skeptics acknowledged the force of capitalist peace thinking"--cProvided by publisher. 0aFree tradezUnited States. 0aCapitalismzUnited States. a7bcbccorignewd2eepcnf20gy-gencatlg 2ddccBKh382iZEI/Ck382mZEI/C 00102ddc40708SOCIAL SCIENCEaMESbMEScHISd2023-12-05l0o382 ZEI/Tp43988r2023-12-05 14:20:40v1495.00w2023-12-05yBKzGL42R2 c43807d43807